Riconosci il Pokémon - Quiz n°815 - Statistics

Statistiche generali
  • Questo quiz è stato fatto 2 volte
  • Il punteggio medio è 6 su 10
Statistiche sulle risposte
Indizio Riposta % Corretto
Tipo Coleottero / Veleno
100%
Generazione Quinta
100%
Altezza 0,4 m
50%
Tasso di cattura 255 (43.9%)
50%
Sesso 50% ♂, 50% ♀
50%
Peso 5,3 kg
50%
Stadio evoluzione Forma Base
50%
Tasso di allevamento Medio-Lento
50%
Abilità Velenopunte; Aiutinsetto; Piedisvelti; Acceleratore
50%
Pokémon Venipede
50%
Nessun quiz corrispondente trovato
Distribuzione punteggi
Percentuale di utenti per punteggio
Percentile per numero di risposta
I tuoi punteggi nel tempo
Non hai fatto questo quiz